| 000 | 00735na a2200205 4500 | ||
|---|---|---|---|
| 001 | 15897 | ||
| 003 | MIRAKIL | ||
| 005 | 20181213154935.0 | ||
| 008 | 160926b tu 000 0 | ||
| 040 |
_aMilas _btur _cTR-AnCHP |
||
| 082 |
_a337.1561 _bT96t 1998 |
||
| 090 | _a337.1561 T96t 1998 | ||
| 111 |
_aTürk Cumhuriyetleri İşadamları Kongresi _cİstanbul _d1997 |
||
| 245 |
_aTürk cumhuriyetleri ve Türkiye ilişkileri için ekonomik model arayışı _b(13 Aralık 1997-İstanbul) |
||
| 260 |
_aAnkara _bDevlet Bakanlığı _c1998 |
||
| 300 |
_a175 s. _c22 sm. |
||
| 650 |
_aSanayi işbirliği _xTürkiye _zTürk Cumhuriyetleri |
||
| 650 |
_aUluslararası ekonomik ilişkiler _xTürkiye _zTürk Cumhuriyetleri |
||
| 942 |
_2ddc _cBKS |
||
| 999 |
_c3548 _d3548 |
||